kku e-library facility

Schaum's Outline of Theory and Problems of Data Structures with C++ (Record no. 137)

MARC details
000 -LEADER
fixed length control field 00415nam a2200133 4500
005 - DATE AND TIME OF LATEST TRANSACTION
control field 20260120090721.0
008 - FIXED-LENGTH DATA ELEMENTS--GENERAL INFORMATION
fixed length control field 260120b |||||||| |||| 00| 0 eng d
020 ## - INTERNATIONAL STANDARD BOOK NUMBER
International Standard Book Number 0070590257
100 ## - MAIN ENTRY--PERSONAL NAME
Personal name Hubbard John R.
245 ## - TITLE STATEMENT
Title Schaum's Outline of Theory and Problems of Data Structures with C++
Statement of responsibility, etc. /John R. Hubbard
260 ## - PUBLICATION, DISTRIBUTION, ETC.
Place of publication, distribution, etc. New Delhi;
Name of publisher, distributor, etc. McGraw-Hill Companies;
Date of publication, distribution, etc. 2000
300 ## - PHYSICAL DESCRIPTION
Extent viii, 407p.
Dimensions 27.5cm
942 ## - ADDED ENTRY ELEMENTS (KOHA)
Source of classification or shelving scheme Library of Congress Classification
Suppress in OPAC No
Koha item type Books

No items available.

©2025 All rights reserved. KKU